000
00232nam a2200097Ia 4500
005
20251222114347.0
008
251222s1900||||xx |||||||||||||| ||spa||
082
_a
DVD0192/K41/2000
245
0
_a
EcologĂa y medio ambiente:
942
_c
DVD
999
_c
1084
_d
1084